Vida de don Quijote y Sancho: según Miguel de Cervantes Saavedra

Guardat en:
Dades bibliogràfiques
Autor principal: Unamuno, Miguel de
Format: Llibre
Idioma:Undetermined
Publicat: Madrid, España Espasa-Calpe 1981
Edició:17
Matèries:
Etiquetes: Afegir etiqueta
Sense etiquetes, Sigues el primer a etiquetar aquest registre!

MARC

LEADER 00000nam a2200000Ia 4500
008 170316s9999 xx 000 0 und d
040 |a cru BVZT 
090 |a 862 U-2v 
100 |a Unamuno, Miguel de 
245 |a Vida de don Quijote y Sancho: según Miguel de Cervantes Saavedra 
250 |a 17 
260 |a Madrid, España 
260 |b Espasa-Calpe 
260 |c 1981 
300 |a 228 páginas 
650 |a LITERATURA ESPAÑOLA 
999 |c 10491  |d 10491 
942 |c 15 D  |h 862 U-2v  |2 z